Alle Turnier Gegner Deutschlands - Statistiken

Allgemein
  • Dieses Quiz wurde 303 mal gespielt
    77 seit der letzten Aktualisierung
  • Das Durchschnittsergebnis liegt bei 204 aus 222
Antwortstatistiken
Turnier Spiel Antwort % Korrekt
WM 1958 Gruppenspiel 1 Argentinien
100%
Gruppenspiel 2 Argentinien
100%
Finale Argentinien
100%
Finale Argentinien
100%
Gruppenspiel 3 Argentinien
100%
Viertelfinale Argentinien
100%
Viertelfinale Argentinien
100%
Finale Argentinien
100%
Gruppenspiel 2 Brasilien
100%
Halbfinale Brasilien
100%
CC 1999 Gruppenspiel 1 Brasilien
100%
Finale Brasilien
100%
Halbfinale Brasilien
100%
Halbfinale Brasilien
100%
Finale Brasilien
100%
OS 2021 Gruppenspiel 1 Brasilien
100%
Finale England
100%
Viertelfinale England
100%
Gruppenspiel 2-1 England
100%
Halbfinale England
100%
Halbfinale England
100%
Gruppenspiel 2 England
100%
Achtelfinale England
100%
Achtelfinale England
100%
Gruppenspiel 3/5 England
100%
WM 1962 Gruppenspiel 1 Italien
100%
Halbfinale Italien
100%
Gruppenspiel 2-1 Italien
100%
Finale Italien
100%
EM 1988 Gruppenspiel 1 Italien
100%
Spiel um Bronze Italien
100%
Gruppenspiel 3 Italien
100%
Halbfinale Italien
100%
Halbfinale Italien
100%
Viertelfinale Italien
100%
NL 2022/23 Gruppenspiel 1/4 Italien
100%
Viertelfinale Italien
100%
WM 2022 Gruppenspiel 1 Japan
100%
Gruppenspiel 2-3 Polen
100%
WM 1978 Gruppenspiel 1-1 Polen
100%
Gruppenspiel 2 Polen
100%
EM 2008 Gruppenspiel 1 Polen
100%
Gruppenspiel 2 Polen
100%
Viertelfinale Schweden
100%
Halbfinale Schweden
100%
Gruppenspiel 2-2 Schweden
100%
Gruppenspiel 3 Schweden
100%
Halbfinale Schweden
100%
Achtelfinale Schweden
100%
Gruppenspiel 2 Schweden
100%
Gruppenspiel 3 Spanien
100%
Gruppenspiel 2-2 Spanien
100%
Gruppenspiel 3 Spanien
100%
Gruppenspiel 3 Spanien
100%
Gruppenspiel 2 Spanien
100%
Finale Spanien
100%
Halbfinale Spanien
100%
NL 2020/21 Gruppenspiel 1/4 Spanien
100%
Gruppenspiel 2 Spanien
100%
Viertelfinale Spanien
100%
Gruppenspiel 3 Südkorea
100%
Halbfinale Südkorea
100%
Gruppenspiel 2 Südkorea
100%
Gruppenspiel 3 Südkorea
100%
WM 1998 Gruppenspiel 1 USA
100%
Gruppenspiel 3 USA
100%
Viertelfinale USA
100%
Gruppenspiel 3 USA
100%
Gruppenspiel 3 Dänemark
98%
Gruppenspiel 2 Dänemark
98%
Finale Dänemark
98%
Gruppenspiel 3 Dänemark
98%
Achtelfinale Dänemark
98%
Spiel um Platz 3 Frankreich
98%
Halbfinale Frankreich
98%
Halbfinale Frankreich
98%
Viertelfinale Frankreich
98%
Halbfinale Frankreich
98%
NL 2018/19 Gruppenspiel 1/3 Frankreich
98%
EM 2021 Gruppenspiel 1 Frankreich
98%
Spiel um Platz 3 Frankreich
98%
OS 1912 Achtelfinale Österreich
98%
Spiel um Platz 3 Österreich
98%
Halbfinale Österreich
98%
Gruppenspiel 2-3 Österreich
98%
Gruppenspiel 1-3 Österreich
98%
Gruppenspiel 3 Österreich
98%
EM 1984 Gruppenspiel 1 Portugal
98%
Gruppenspiel 3 Portugal
98%
Spiel um Platz 3 Portugal
98%
Viertelfinale Portugal
98%
EM 2012 Gruppenspiel 1 Portugal
98%
WM 2014 Gruppenspiel 1 Portugal
98%
Viertelfinale Portugal
98%
Gruppenspiel 2 Portugal
98%
Halbfinale Portugal
98%
WM 1982 Gruppenspiel 1-1 Algerien
96%
Achtelfinale Algerien
96%
WM 1934 Achtelfinale Belgien
96%
EM 1972 Halbfinale Belgien
96%
Finale Belgien
96%
Achtelfinale Belgien
96%
Gruppenspiel 3 Griechenland
96%
Viertelfinale Griechenland
96%
Gruppenspiel 1-2 Mexiko
96%
Viertelfinale Mexiko
96%
Achtelfinale Mexiko
96%
Spiel um Platz 3 Mexiko
96%
OS 2016 Gruppenspiel 1 Mexiko
96%
Halbfinale Mexiko
96%
WM 2018 Gruppenspiel 1 Mexiko
96%
Finale Niederlande
96%
Gruppenspiel 2-2 Niederlande
96%
Gruppenspiel 2 Niederlande
96%
Halbfinale Niederlande
96%
Achtelfinale Niederlande
96%
Gruppenspiel 3 Niederlande
96%
EM 2004 Gruppenspiel 1 Niederlande
96%
Gruppenspiel 2 Niederlande
96%
Gruppenspiel 2/4 Niederlande
96%
Gruppenspiel 2/4 Niederlande
96%
Viertelfinale Norwegen
96%
Viertelfinale Russland
96%
Gruppenspiel 2 Russland
96%
Gruppenspiel 2 Schottland
96%
Gruppenspiel 2 Schottland
96%
EM 2024 Gruppenspiel 1 Schottland
96%
OS 1928 Achtelfinale Schweiz
96%
WM 1938 Achtelfinale Schweiz
96%
Gruppenspiel 2 Schweiz
96%
WM 1966 Gruppenspiel 1 Schweiz
96%
Gruppenspiel 2/5 Schweiz
96%
Gruppenspiel 3 Schweiz
96%
Halbfinale Ungarn
96%
Gruppenspiel 2 Ungarn
96%
Finale Ungarn
96%
Gruppenspiel 3 Ungarn
96%
Gruppenspiel 2/6 Ungarn
96%
Gruppenspiel 2 Ungarn
96%
NL 2024/25 Gruppenspiel 1/6 Ungarn
96%
Viertelfinale Kroatien
94%
Viertelfinale Kroatien
94%
Gruppenspiel 2 Kroatien
94%
Achtelfinale Slowakei
94%
EM 1996 Gruppenspiel 1 Tschechien
94%
Finale Tschechien
94%
Gruppenspiel 3 Tschechien
94%
Gruppenspiel 3 Chile
92%
WM 1974 Gruppenspiel 1-1 Chile
92%
Gruppenspiel 1-2 Chile
92%
Gruppenspiel 2 Chile
92%
Finale Chile
92%
WM 2006 Gruppenspiel 1 Costa Rica
92%
Gruppenspiel 3 Costa Rica
92%
Gruppenspiel 2 Irland
92%
Gruppenspiel 3 Kolumbien
92%
WM 1954 Gruppenspiel 1 Türkei
92%
Play-Off Spiel Türkei
92%
Halbfinale Türkei
92%
Gruppenspiel 1-2 Australien
90%
CC 2005 Gruppenspiel 1 Australien
90%
WM 2010 Gruppenspiel 1 Australien
90%
CC 2017 Gruppenspiel 1 Australien
90%
Gruppenspiel 3 Ghana
90%
Gruppenspiel 2 Ghana
90%
EM 2016 Gruppenspiel 1 Ukraine
90%
Gruppenspiel 3/6 Ukraine
90%
Viertelfinale Uruguay
90%
Viertelfinale Uruguay
90%
Spiel um Platz 3 Uruguay
90%
WM 1986 Gruppenspiel 1 Uruguay
90%
Spiel um Platz 3 Uruguay
90%
WM 1970 Gruppenspiel 1 Marokko
88%
OS 1984 Gruppenspiel 1 Marokko
88%
Achtelfinale Marokko
88%
Gruppenspiel 3 Nordirland
88%
Gruppenspiel 3 Nordirland
88%
Gruppenspiel 3/5 Bosnien und Herzegowina
86%
Gruppenspiel 3 Ecuador
86%
Gruppenspiel 3 Peru
86%
Gruppenspiel 3 Saudi Arabien
86%
WM 2002 Gruppenspiel 1 Saudi Arabien
86%
Gruppenspiel 2 Saudi Arabien
86%
Gruppenspiel 2 Serbien
86%
Gruppenspiel 2 Bulgarien
84%
Viertelfinale Bulgarien
84%
Viertelfinale Jugoslawien
84%
Viertelfinale Jugoslawien
84%
Viertelfinale Jugoslawien
84%
Gruppenspiel 2-1 Jugoslawien
84%
EM 1976 Halbfinale Jugoslawien
84%
Viertelfinale Jugoslawien
84%
WM 1990 Gruppenspiel 1 Jugoslawien
84%
Gruppenspiel 2 Jugoslawien
84%
OS 1988 Gruppenspiel 1 China
82%
Gruppenspiel 2 Lettland
82%
Achtelfinale Paraguay
82%
Halbfinale Sowjetunion
82%
Finale Sowjetunion
82%
Gruppenspiel 2 Rumänien
80%
EM 2000 Gruppenspiel 1 Rumänien
80%
Gruppenspiel 1-3 Tunesien
80%
Gruppenspiel 2 Tunesien
80%
Gruppenspiel 2 Tunesien
80%
WM 1994 Gruppenspiel 1 Bolivien
76%
Gruppenspiel 1-3 DDR
76%
Gruppenspiel 3 Iran
76%
Gruppenspiel 2 Neuseeland
73%
Halbfinale Tschechoslowakei
67%
Gruppenspiel 2 Tschechoslowakei
67%
Finale Tschechoslowakei
67%
EM 1980 Gruppenspiel 1 Tschechoslowakei
67%
Viertelfinale Tschechoslowakei
67%
Gruppenspiel 3 Kamerun
65%
Gruppenspiel 3 Kamerun
65%
Gruppenspiel 3 Elfenbeinküste
61%
OS 1936 Achtelfinale Luxemburg
59%
Halbfinale Nigeria
57%
Gruppenspiel 2 Vereinigte Arabische Emirate
53%
EM 1992 Gruppenspiel 1 GUS
27%
Gruppenspiel 3 Fidschi
24%
Viertelfinale Sambia
18%
Keine übereinstimmenden Quizze gefunden
Verteilung der Resultate
Anzahl Personen mit jedem Resultat
Perzentil nach korrekt beantworteten Fragen
Ihre Resultats-Entwicklung
Sie haben dieses Quiz seit der letzten Aktualisierung nicht gespielt